ბათუმის შოთა რუსთაველის სახელმწიფო უნივერსიტეტის ბიბლიოთეკა

წერილები ჩემს ვაჟს : მაქსიმები, ხასიათები / (ბიბ.ჩანაწერი № 59236)

000 -ლიდერი
ფიქსირებული სიგრძის საკონტროლო ველი 00885nam a22001937a 4500
003 - საკონტროლო ნომრის იდენტიფიკატორი
საკონტროლო ველი Ge_BSU
005 - ბოლო ოპერაციის თარიღი და დრო
საკონტროლო ველი 20221222120524.0
008 - ფიქსირებული სიგრძის მონაცემთა ელემენტები - ზოგადი ინფორმაცია
ფიქსირებული სიგრძის საკონტროლო ველი 221222s1977ge xxu||||| |||| 00| 0 geo d
041 ## - ენის კოდი
Language code of text/sound track or separate title geo
080 ## - უნივერსალური ათობითი კლასიფიკაციის ინდექსი
Universal Decimal Classification number 821.111-6 + 821.111-84 ჩ-50
100 ## - მთავარი ჩანაწერი - პიროვნების სახელი
Personal name ჩესტერფილდი, ავტ.
9 (RLIN) 16522
245 ## - ცნობა სათაურის შესახებ
Title წერილები ჩემს ვაჟს : მაქსიმები, ხასიათები /
Statement of responsibility, etc ჩესტერფილდი ; [თარგმნა რ. ქებულაძემ].
264 ## - წარმოების, გამოცემის, დისტრიბუციის და სხვა ცნობები
გამოცემის, წარმოების, დისტრიბუციის... ადგილი თბილისი :
გამოცემის, წარმოების, დისტრიბუციის... სახელწოდება ნაკადული,
გამოცემის, წარმოების, დისტრიბუციის... თარიღი 1977.
300 ## - ფიზიკური აღწერა
Extent 415 გვ. ;
Other physical details 21 სმ.
653 ## - INDEX TERM--UNCONTROLLED
Uncontrolled term წერილები ჩემს ვაჟს :
653 ## - INDEX TERM--UNCONTROLLED
Uncontrolled term მაქსიმები, ხასიათები
700 ## - ADDED ENTRY--PERSONAL NAME
Personal name ქებულაძე, რ
Relator term მთარგმნელი
9 (RLIN) 16116
942 ## - ADDED ENTRY ELEMENTS (KOHA)
Source of classification or shelving scheme
Koha item type წიგნი
ეგზემპლარები
ჩამოწერის სტატუსი დაკარგული ეგზემპლარის სტატუსი კლასიფიკაციის წყარო ან თაროზე გაწყობის სქემა დაზიანების სტატუსი არ გაიცემა მუდმივი მდებარეობა (დაცვის ადგილი) ამჟამინდელი ადგილსამყოფელი თაროზე განთავსების ადგილი შეძენის თარიღი ღირებულება, შესყიდვის ნორმალური ფასი სრული შენახვის შიფრი შტრიხკოდი ბოლო ოპერაციის თარიღი ეგზემპლარის მიმდევრობითი ნომერი (კეტერი?) ფასის ძალაში შესვლის თარიღი ეგზემპლარის სახეობა საჯარო შენიშვნა
          ბათუმის შოთა რუსთაველის სახელმწიფო უნივერსიტეტის მთავარი ბიბლიოთეკა ბათუმის შოთა რუსთაველის სახელმწიფო უნივერსიტეტის მთავარი ბიბლიოთეკა წიგნსაცავი 2022-12-22 8.00 821.111-6 + 821.111-84 ჩ-50 63358 2022-12-22 63358 2022-12-22 წიგნი 8.00